Biblioteca Parlamentaria
Catálogo en línea

Amparo Medina: Se imparte una educación sexual inadecuada en las Instituciones Educativas (Registro nro. 40216)

000 -CABECERA
Campo de control interno nam a22 7a 4500
005 - FECHA Y HORA DE LA CATALOGACION
Campo de control 20171025114841.0
008 - ELEMENTOS DE LONGITUD FIJA - INFORMACION
Elementos de Longitud Fija - Informaci 171025b xxu||||| |||| 00| 0 eng d
040 ## - ORIGEN DE LA CATALOGACION
Origen de la Catalogación ANE
041 ## - CODIGO DE LENGUAJE
Código de lenguaje del texto Es
082 ## - NUMERO DE CLASIFICACION DECIMAL DEWEY
1ra. Clasificación RAD-1597
100 ## - ENTREVISTADO
Entrevistado Medina, Amparo
Rol del entrevistado coordinadora de la Red Vida y Familia y parte del Frente Nacional y Familia
245 ## - TÍTULO GENERAL
Título Amparo Medina: Se imparte una educación sexual inadecuada en las Instituciones Educativas
260 ## - EDITORIAL
Ciudad Quito
Televisora que emite el programa Radio Pichincha Universal-Entrevista
Fecha del Programa 2017-10-24
300 ## - DESCRIPCION
Duración en minutos, horas (del programa) p.
520 ## - RESUMEN
Resumen Amparo Medina, coordinadora de la Red Vida y Familia y parte del Frente Nacional y Familia, rechazó de manera enfática que el sistema educativo esté impartiendo educación sexual poco seria, sin respetar las etapas y la inocencia de los niños, niñas y jóvenes. Según la activista, el Ministerio de Salud está impulsando un Plan Nacional de Educación Sexual que habla del derecho al placer desde los 12 años de edad, a quienes les están entregando condones sin que exista una explicación clara de por medio. “Creo que nuestros chicos tienen que ser responsables con su cuerpo y eso no se hace con un preservativo en la mano sino brindando herramientas para que los jóvenes tomen decisiones asertivas”, explicó Medina añadiendo que ningún anticonceptivo está hecho para evitar enfermedades de transmisión sexual y en ese sentido indicó que el 46% de adolescentes ya están contagiados con el virus del papiloma y ese tipo de temas no están siendo abordados en las escuelas y colegios. “Hay menos posibilidad de que una adolescente quede embarazada a que se contagie de enfermedades sexuales (…) así que no es cuestión de ir a repartir condones en un Colegio”, puntualizó.
650 ## - DESCRIPTORES - TEMAS
Temas - Descriptores rechazo aseveraciones/Amparo Medina/ Red Vida y Familia parte Frente Nacional y Familia/Radio Pichincha Universal-entrevista/rechazó sistema educativo /impartiendo educación sexual/Ministerio Salud/Plan Nacional Educación Sexual/chicos responsables cuerpo/ningún anticonceptivo evitar enfermedades/transmisión sexual/46% adolescentes contagiados/virus papiloma/
942 ## - ELEMENTOS DE KOHA
Esquema de Clasificaci
Tipo de Documento Material Multimedia (radio y televisión)
Catalogador IES.
Existencias
Withdrawn status Lost status Fuente de Clasificaci Damaged status Not for loan Ubicaci Biblioteca Fecha de Adquisición Signatura Topogr Código de barras Date last seen Price effective from Tipo de Item
          Biblioteca Asamblea Nacional Biblioteca Asamblea Nacional 2017-10-25 RAD-1597 RAD-1597 2017-10-25 2017-10-25 Material Multimedia (radio y televisión)
Dirección: Av. 6 de Diciembre y Piedrahita | Quito - Ecuador
Teléfonos: 593-23991000 Ext: 1147/1148
Correo:
archivo.biblioteca@asambleanacional.gob.ec

Soporte: FusionSolutions Cia. Ltda
archivobiblioteca white

Con tecnología Koha